000 00283nam a2200121Ia 4500
008 231129s1952||||xx |||||||||||||| ||spa||
040 _bspa
082 _aR 540.3 E56q
245 0 _aEnciclopedia de Quimica Industrial
260 _c1952
264 _aGustavo Gili
942 _2ddc
_cBKS
999 _c12968
_d12968